| 000 | 00459nam a2200169Ia 4500 | ||
|---|---|---|---|
| 008 | 230917s9999||||xx |||||||||||||| ||und|| | ||
| 020 | _cRS295 | ||
| 040 |
_e235369 _aMAIN |
||
| 041 | _aEnglish | ||
| 082 | _a320.50954 M474F | ||
| 100 | _aMehta, V.R | ||
| 245 | 0 | _aFoundations of Indian political thought | |
| 260 |
_aNew Delhi _bManohar Publishers _c1996 |
||
| 300 | _a306 p. | ||
| 500 | _a2422 14/10/2016 RBP16/62782 13/12/2016 Main Budget | ||
| 942 | _cBK | ||
| 999 |
_c19526 _d19526 |
||